000 00641nam a2200229 i 4500
001 C2-0310312
003 PPAK
005 20180728101548.0
008 110615s2001 nyu |||| ||||| | eng d
020 _a9780439254151
040 _aPPAK
_beng
_cPPAK
_erda
082 0 4 _a423.1
_223
090 0 0 _a423.1
_bSCH
_dRLCK
245 0 0 _aScholastic dictionary of synonyms, antonyms, and homonyms.
264 1 _aNew York :
_bScholastic ,
_c2001
300 _aiv, 220 pages ; ;
_c19 cm
336 _2rdacontent
_atext
337 _2rdamedia
_aunmediated
338 _2rdacarrier
_avolume
650 1 0 _aEnglish language Homonyms.
942 _ddc
_cB
999 _c112770
_d112770